Management information systems : (Record no. 34320)

MARC details
000 -LEADER
fixed length control field 01344cam a22003014a 4500
001 - CONTROL NUMBER
control field 1684768
003 - CONTROL NUMBER IDENTIFIER
control field OSt
005 - DATE AND TIME OF LATEST TRANSACTION
control field 20220405092156.0
008 - FIXED-LENGTH DATA ELEMENTS--GENERAL INFORMATION
fixed length control field 990528s2000 maua b 001 0 eng
010 ## - LIBRARY OF CONGRESS CONTROL NUMBER
LC control number 99016364
020 ## - INTERNATIONAL STANDARD BOOK NUMBER
International Standard Book Number 0072297565 (acidfree paper)
040 ## - CATALOGING SOURCE
Original cataloging agency DLC
Transcribing agency HU
Modifying agency DLC
042 ## - AUTHENTICATION CODE
Authentication code pcc
050 00 - LIBRARY OF CONGRESS CALL NUMBER
Classification number HD30.213
Item number .P67 2000
082 00 - DEWEY DECIMAL CLASSIFICATION NUMBER
Classification number 658.4/038
Edition number 21
100 1# - MAIN ENTRY--PERSONAL NAME
Personal name Post, Gerald V.
9 (RLIN) 30042
245 10 - TITLE STATEMENT
Title Management information systems :
Remainder of title solving business problems with information technology /
Statement of responsibility, etc. Gerald V. Post, David L. Anderson.
250 ## - EDITION STATEMENT
Edition statement 2nd ed.
260 ## - PUBLICATION, DISTRIBUTION, ETC.
Place of publication, distribution, etc. Boston :
Name of publisher, distributor, etc. Irwin/McGraw-Hill,
Date of publication, distribution, etc. c2000.
300 ## - PHYSICAL DESCRIPTION
Extent xxii, 666 p. :
Other physical details ill. ;
Dimensions 27 cm. +
Accompanying material 1 computer optical disc ; 4 3/4 in.
504 ## - BIBLIOGRAPHY, ETC. NOTE
Bibliography, etc. note Includes bibliographical references and indexes.
538 ## - SYSTEM DETAILS NOTE
System details note System requirements for accompanying computer disc: IBM PC or 100% compatible, with Microsoft Windows 95 or above; Microsoft Office 97 or above; and an Internet browser.
650 #0 - SUBJECT ADDED ENTRY--TOPICAL TERM
Topical term or geographic name entry element Management information systems.
9 (RLIN) 7238
700 1# - ADDED ENTRY--PERSONAL NAME
Personal name Anderson, David L.
Fuller form of name (David Lee),
Dates associated with a name 1953-
9 (RLIN) 35136
906 ## - LOCAL DATA ELEMENT F, LDF (RLIN)
a 7
b cbc
c orignew
d 1
e ocip
f 19
g y-gencatlg
942 ## - ADDED ENTRY ELEMENTS (KOHA)
Source of classification or shelving scheme Dewey Decimal Classification
Koha item type Books like text book referance book
Suppress in OPAC No
Holdings
Withdrawn status Lost status Source of classification or shelving scheme Damaged status Not for loan Collection code Home library Current library Shelving location Date acquired Total Checkouts Full call number Barcode Date last seen Copy number Price effective from Koha item type
    Dewey Decimal Classification     Reference Wondo Genet Library Wondo Genet Library General Stacks 04/05/2022   658.4038 POST 2000 WGCFNRL00018519 04/05/2022 1 04/05/2022 Books like text book referance book
    Dewey Decimal Classification     Reference Wondo Genet Library Wondo Genet Library General Stacks 04/05/2022   658.4038 POST 2000 WGCFNRL00018520 04/05/2022 2 04/05/2022 Books like text book referance book